| 000 | 00578nam a2200181Ia 4500 | ||
|---|---|---|---|
| 003 | OSt | ||
| 005 | 20201006095139.0 | ||
| 008 | 190216s9999||||xx |||||||||||||| ||und|| | ||
| 040 | _coclc | ||
| 082 |
_a005.133 _bGOT/T |
||
| 100 |
_aGottfried, Byron S _95335 |
||
| 245 | 0 |
_aTheory And Problems Of Programming With Pascal / _cByron S Gottfried |
|
| 250 | _a2nd Ed. | ||
| 260 |
_bTata Mcgraw -hill Publishing, _c1995. _aNew Delhi: |
||
| 300 | _a428p | ||
| 650 | _a"Computer Programming. Programs, Data" | ||
| 942 |
_cBK _2ddc _h005.133 _iGOT/T _k005.133 _mGOT/T |
||
| 999 |
_c8469 _d8469 |
||